All Call of Duty Zombies Maps Ever, Ranked - Statistics

General Stats
  • This quiz has been taken 350 times
  • The average score is 17 of 21
Answer Stats
#1-21 COD Zombie Maps % Correct
3 Origins
90%
2 Kino Der Toten
89%
4 Mob of the Dead
87%
13 Moon
87%
1 Der Riese
86%
20 Tranzit
84%
9 Buried
83%
18 Die Rise
83%
16 Shi No Numa
83%
15 Shadows of Evil
81%
12 Shangri-La
81%
5 Five
80%
10 Nacht Der Untoten
80%
6 Ascension
79%
11 Call of the Dead
79%
7 Gorod Krovi
76%
17 Verruckt
76%
8 Der Eisendrache
75%
19 Revelations
72%
21 Zetsubou No Shima
65%
14 Nuketown Zombies
63%
No matching quizzes found
Score Distribution
Percent of People with Each Score
Percentile by Number Answered
Your Score History
You have not taken this quiz